Odhad pravdepodobnostného rozdelenie času nákupu

Gespeichert in:
Bibliographische Detailangaben
1. Verfasser: Reiff, Marian, 1978-
Weitere Verfasser: Gežík, Pavel, 1983-
Format: Buchkapitel
Sprache:Englisch
Schlagworte:
Tags: Tag hinzufügen
Keine Tags, Fügen Sie das erste Tag hinzu!

MARC

LEADER 00000naa$a2200000$$$4500
001 0272014
005 20240502074305.2
041 0 |a eng 
044 |a SK 
245 1 0 |a Odhad pravdepodobnostného rozdelenie času nákupu  |c Marian Reiff, Pavel Gežík 
500 |a abstrakt 
610 2 0 |a čas 
610 2 0 |a odhady 
610 2 0 |a pravdepodobnosť 
610 2 0 |a nákup 
100 1 |a Reiff, Marian, 1978- 
700 1 |a Gežík, Pavel, 1983-